Guess the Harry Styles Song - 2 - Statistics

General Stats
  • This quiz has been taken 13 times
  • The average score is 183 of 232
Answer Stats
Answer % Correct
and
100%
I
100%
love
100%
the
100%
do
91%
don't
91%
have
91%
it?
91%
me
91%
mine
91%
my
91%
on
91%
so
91%
you
91%
You
91%
your
91%
ever
82%
I'll
82%
in
82%
let
82%
of
82%
Oh,
82%
to
82%
Would
82%
you're
82%
You're
82%
you've
82%
adore
73%
been
73%
believe
73%
Brown
73%
fire
73%
for
73%
Honey
73%
honey
73%
I'd
73%
Just
73%
just
73%
Lately
73%
lemon
73%
Like
73%
mind
73%
nothing
73%
over
73%
paradise
73%
rainbow
73%
say
73%
skies
73%
skin
73%
summer
73%
tell
73%
thing
73%
through
73%
Walk
73%
walk
73%
wanna
73%
eyes
64%
get
64%
ice
64%
inside
64%
it's
64%
lipstick
64%
lost
64%
only
64%
state
64%
Strawberry
64%
under
64%
wonder
64%
aomething
0%
No matching quizzes found
Score Distribution
Percent of People with Each Score
Percentile by Number Answered
Your Score History
You have not taken this quiz